Ψυχιατρική και ψυχοθεραπεία

Αποθηκεύτηκε σε:
Λεπτομέρειες βιβλιογραφικής εγγραφής
Κύριος συγγραφέας: Tölle, Rainer
Άλλοι συγγραφείς: Windgassen, Klaus, Lempp, Reinhart, 1923-2012, Du Bois, Reinmar, 1948-
Μορφή: Βιβλίο
Γλώσσα:Greek
German
Δημοσίευση: Αθήνα : Παρισιάνου, c2005
Έκδοση:13η αναθεωρημένη και συμπληρωμένη έκδ.
Θέματα:
Ετικέτες: Προσθήκη ετικέτας
Δεν υπάρχουν, Καταχωρήστε ετικέτα πρώτοι!

MARC

LEADER 00000nam a2200000 a 4500
001 1/126977
008 230707s2005####gr | ||| |||| ||gre||
020 |a 9603943320 
040 |a GR-MyUa  |b gre  |c GR-MyUa  |e AACR2 
041 1 |a gre  |h ger 
082 7 |a 616.89   |2 (23) 
100 1 |a Tölle, Rainer. 
245 1 0 |a Ψυχιατρική και ψυχοθεραπεία /   |c Rainer Tolle, Klaus Windgassen ; επιστημονική εποπτεία Νίκος Τζαβάρας ; επιμέλεια ελληνικής έκδοσης Γιάννης Βαρτζόπουλος ; μετάφραση ελληνικής έκδοσης Έμη Βαϊκούση.  
250 |a 13η αναθεωρημένη και συμπληρωμένη έκδ. 
260 |a Αθήνα :   |b Παρισιάνου,   |c c2005 
300 |a 20, 509 σ. ;   |c 24 εκ. 
500 |a Τίτλος πρωτοτύπου: Psychiatrie einschliesslich Psychoterapie. 
504 |a Βιβλιογραφία: σ. [479]-493. Ευρετήριο. 
505 8 |a Ψυχιατρική παίδων και εφήβων / σε συνεργασία με τους Reinhart Lempp και Reinmar du Bois. 
650 0 |a Psychiatry. 
650 0 |a Psychotherapy. 
700 1 |a Windgassen, Klaus. 
700 1 |a Lempp, Reinhart,   |d 1923-2012. 
700 1 |a Du Bois, Reinmar,   |d 1948- 
852 |a INST  |b SYROS  |e 20230706  |h 616.89 TOL  |p 005500016031  |q 005500016031  |t BK  |y 0 
970 |a Κοντού  |b Παρασκευή  |z 07/07/2023